Firefly Quiz - Statistics

General Stats
  • This quiz has been taken 987 times
  • The average score is 10 of 12
Answer Stats
Hint Answer % Correct
The Ship Serenity
95%
Hired Muscle Jayne Cobb
94%
Pilot Hoban "Wash" Washburne
93%
Medic's Sister River Tam
91%
Captain Malcolm Reynolds
90%
First Mate Elizabeth Washburne
87%
Medic Simon Tam
83%
Engineer Kaylee Frye
81%
Preacher Derrial Book
80%
Creator Joss Whedon
78%
Companion Inara Serra
76%
Christina Hendricks Yolanda
48%
No matching quizzes found
Score Distribution
Percent of People with Each Score
Percentile by Number Answered
Your Score History
You have not taken this quiz